Gorillaz: Albums by Cover - Statistics

General Stats
  • This quiz has been taken 152 times
  • The average score is 8 of 9
Answer Stats
Picture Hint Answer % Correct
2005 Demon Days
98%
2001 Gorillaz
96%
2010 Plastic Beach
96%
2017 Humanz
87%
2023 Cracker Island
85%
2020 Song Machine, Season One: Strange Timez
83%
2026 The Mountain
82%
2018 The Now Now
81%
2010 The Fall
73%
No matching quizzes found
Score Distribution
Percent of People with Each Score
Percentile by Number Answered
Your Score History
You have not taken this quiz